000 00696nam a2200205Ia 4500
003 OSt
005 20241014091538.0
008 210210b2000 xxu||||| |||| 00| 0 eng d
040 _cAL
041 _aKannada
082 _a375.6137K NADD
100 _aNADAGIRA (K G).
_d ನಾಡಗೀರ.ಕೆ.ಜಿ
_9182151
245 _aDaihika shikshana tatvajnana mattu tatvadarshana.
_bದೈಹಿಕ ಶಿಕ್ಷಣ ತತ್ವಜ್ಞಾನ ಮತ್ತು ತತ್ವದರ್ಶನ.
260 _aDharavada
_bSharira shikshana prakashana
_c2000
300 _avi,172
650 _aDaihika shikshana
_9182152
690 _aPhysical Education
_9182153
906 _a058788
942 _2ddc
_cBK
999 _c106169
_d106169